Flags of Africa With Blue - Statistics

General Stats
  • This quiz has been taken 15 times
  • The average score is 20 of 24
Answer Stats
Picture Answer % Correct
South Africa
100%
Botswana
91%
Central African Republic
91%
Chad
91%
Comoros
91%
D.R. Congo
91%
Eritrea
91%
Eswatini
91%
Ethiopia
91%
Lesotho
91%
Liberia
91%
Namibia
91%
Seychelles
91%
South Sudan
91%
Tanzania
91%
Cape Verde
82%
Equatorial Guinea
82%
Somalia
82%
Mauritius
73%
Rwanda
73%
Djibouti
55%
Gabon
55%
The Gambia
55%
Sierra Leone
45%
No matching quizzes found
Score Distribution
Percent of People with Each Score
Percentile by Number Answered
Your Score History
You have not taken this quiz